Statistics for Chateau (Feel Alright) - Djo - All Lyrics

Click here to take the quiz!

General Stats

  • This quiz has been taken 9 times
  • The average score is 182 of 214

Answer Stats

Answer% Correct
a
100%
alright
100%
and
100%
at
100%
chateau
100%
feel-
100%
feel
100%
Help,
100%
I
100%
I’m
100%
I'm
100%
me
100%
So
100%
Something
100%
something's
100%
The
100%
the
100%
with
100%
wrong
100%
dream
88%
for
88%
In
88%
in
88%
LA
88%
life
88%
my
88%
of
88%
summer
88%
all
75%
back
75%
Homesick
75%
it
75%
just
75%
time
75%
turn
75%
ask
63%
first
63%
friend
63%
I'd
63%
is
63%
like
63%
met,
63%
or
63%
past?
63%
that
63%
That’s
63%
thought
63%
through
63%
we
63%
when
63%
You
63%
you
63%
about
50%
can't
50%
"Come
50%
decision
50%
did
50%
glad
50%
happened
50%
It’s
50%
made
50%
makes
50%
ours”
50%
recall
50%
said
50%
seeing
50%
still
50%
to
50%
true
50%
uncertain
50%
Was
50%
head,
38%
stars
38%
could
25%
kid
25%
pain
25%
rain
25%
roof
25%

Score Distribution

Percentile by Number Answered

Percent of People with Each Score

Your Score History

You have not taken this quiz